000 00728nam a2200217 i 4500
001 158004
003 ES-MaACL
005 20230906210939.0
008 940202m18871888sp |||| | spa d
040 _aAS
_bspa
080 _a9(72:46)"15
100 0 _aLópez de Gómara, Francisco.
_973541
245 1 0 _aConquista de Méjico /
_cFrancisco López de Gomara.
260 _aBarcelona :
_bDaniel Cortezo y Csap,
_c1887-1888.
300 _a2 v.(282; 278 p.) ;
_c21 cm.
490 1 _aBiblioteca clásica española
650 4 _aMéxico-
_xHistoria-
_y1517-1521, Descubrimiento y conquista.
_9188142
830 0 _aBiblioteca clásica española
_9182443
852 _aES-MaACL
_jB-1047-48
_z-- Enc. hol.
999 _c158004
_d158004